La naturaleza del servicio social: un ensayo sobre su génesis, su especificidad y su reproducción
Guardat en:
| Autor principal: | |
|---|---|
| Format: | Llibre |
| Idioma: | espanyol |
| Publicat: |
Sao Paulo
Cortez
2000
|
| Edició: | 2a. ed |
| Col·lecció: | Biblioteca Latinoamericana de Servicio Social
|
| Matèries: | |
| Etiquetes: |
Afegir etiqueta
Sense etiquetes, Sigues el primer a etiquetar aquest registre!
|
MARC
| LEADER | 00000nam a2200000 a 4500 | ||
|---|---|---|---|
| 001 | UCN2899 | ||
| 003 | CL-VaPUC | ||
| 008 | 010615e20000000BL |||||||||||||||||spa|d | ||
| 020 | |a 8524906839 | ||
| 082 | 0 | 4 | |a 361.3 |b MON |2 21 |
| 100 | |a Montaño, Carlos E. |e autor |9 459159 | ||
| 245 | 1 | 3 | |a La naturaleza del servicio social: un ensayo sobre su génesis, su especificidad y su reproducción |
| 250 | |a 2a. ed | ||
| 300 | |a 209 p | ||
| 942 | |c BK | ||
| 945 | |d 20010615 00:00:00 |a cmena | ||
| 260 | |a Sao Paulo |b Cortez |c 2000 | ||
| 650 | 0 | |a Servicio social |9 307999 | |
| 650 | 0 | |a Trabajadores sociales |9 308884 | |
| 650 | 0 | |a Problemas sociales |9 258537 | |
| 650 | 7 | |a FILOSOFIA POLITICA |2 CL-VaPUC |9 459160 | |
| 583 | |a last modification |c 20010615 00:00:00 |k Rodrigo Vera | ||
| 490 | 0 | |a Biblioteca Latinoamericana de Servicio Social | |
| 999 | |c 295918 |d 295916 | ||
| 952 | |0 0 |1 0 |4 0 |6 361_300000000000000_MON_2000 |7 0 |8 A |9 349358 |a BIBGIM |b BIBGIM |d 2019-11-20 |i 3732452 |l 1 |o 361.3 MON 2000 |p 3732452 |r 2025-01-15 |s 2020-03-04 |w 2019-11-20 |y BK |k SSL | ||
| 952 | |0 0 |1 0 |4 0 |6 361_300000000000000_MON_2000 |7 0 |8 A |9 349359 |a BIBGIM |b BIBGIM |d 2019-11-20 |i 4540271 |l 1 |o 361.3 MON 2000 |p 4540271 |r 2025-01-15 |s 2020-03-05 |w 2019-11-20 |y BK |k SSL | ||
| 952 | |0 0 |1 0 |4 0 |6 361_300000000000000_MON_2000 |7 0 |8 A |9 349360 |a BIBGIM |b BIBGIM |d 2019-11-20 |i 4705416 |o 361.3 MON 2000 |p 4705416 |r 2025-01-15 |w 2019-11-20 |y BK |k SSL | ||